header

Christian ethics (Record no. 146142)

MARC details
000 -LEADER
fixed length control field 01244nam a2200337 a 4500
082 04 - DEWEY DECIMAL CLASSIFICATION NUMBER
Classification number 241
100 1# - MAIN ENTRY--AUTHOR NAME
Personal name Lovin, Robin W.
245 10 - TITLE STATEMENT
Title Christian ethics
260 ## - PUBLICATION, DISTRIBUTION, ETC. (IMPRINT)
Place of publication Nashville, Tenn. :
Name of publisher Abingdon Press,
Year of publication c2000.
300 ## - PHYSICAL DESCRIPTION
Number of Pages 137 p.
490 1# - SERIES STATEMENT
Series statement Abingdon essential guides
650 #0 - SUBJECT ADDED ENTRY--TOPICAL TERM
Topical Term Christian ethics.
856 40 - ELECTRONIC LOCATION AND ACCESS
Uniform Resource Identifier http://site.ebrary.com/lib/rucke/Doc?id=10430607

No items available.

© 2026 Rongo University
Contact us: librarian | system librarian | Rongo university